000
00222 a2200097 4500
001
29050
100
_a
Tippett L.H.C
245
_a
Statistics 3rd edition
260
_a
_b
Oxford University Press
_c
090
_c
19401
_d
19401
942
_a
NUST-CAE
_c
M
_c
10449
999
_c
264123
_d
264123